Golfers With Multiple Majors Quiz - Statistics

General Stats
  • This quiz has been taken 564 times
    540 since last reset
  • The average score is 30 of 81
Answer Stats
Total Nationality Champion Masters US Open The Open PGA % Correct
18 USA Jack Nicklaus 6 4 3 5
97%
14 USA Tiger Woods 4 3 3 4
97%
2 USA Craig Wood 1 1 0 0
88%
4 Northern Ireland Rory McIlroy 0 1 1 2
88%
9 South Africa Gary Player 3 1 3 2
85%
7 USA Arnold Palmer 4 1 2 0
84%
8 USA Tom Watson 2 1 5 0
83%
2 USA Bubba Watson 2 0 0 0
82%
5 USA Phil Mickelson 3 0 1 1
82%
6 England Nick Faldo 3 0 3 0
74%
5 Spain Seve Ballesteros 2 0 3 0
74%
4 South Africa Ernie Els 0 2 2 0
73%
3 Fiji Vijay Singh 1 0 0 2
72%
9 USA Ben Hogan 2 4 1 2
70%
2 Australia Greg Norman 0 0 2 0
70%
3 USA Jordan Spieth 1 1 1 0
67%
7 USA Sam Snead 3 0 1 3
64%
3 USA Brooks Koepka 0 2 0 1
61%
2 Germany Bernhard Langer 2 0 0 0
59%
2 USA Zach Johnson 1 0 1 0
59%
7 USA Bobby Jones 0 4 3 0
57%
6 USA Lee Trevino 0 2 2 2
55%
3 Ireland Padraig Harrington 0 0 2 1
54%
2 Spain Jose Maria Olazabal 2 0 0 0
48%
3 Zimbabwe Nick Price 0 0 1 2
47%
2 USA John Daly 0 0 1 1
45%
2 Argentina Angel Cabrera 1 1 0 0
44%
2 Scotland Sandy Lyle 1 0 1 0
43%
11 USA Walter Hagen 0 2 4 5
43%
2 Germany Martin Kaymer 0 1 0 1
41%
7 USA Gene Sarazen 1 2 1 3
38%
4 Scotland Old Tom Morris 0 0 4 0
37%
2 South Africa Retief Goosen 0 2 0 0
37%
5 USA Byron Nelson 2 1 0 2
36%
4 Scotland Young Tom Morris 0 0 4 0
36%
3 USA Larry Nelson 0 1 0 2
35%
4 USA Raymond Floyd 1 1 0 2
34%
2 USA Mark O'Meara 1 0 1 0
33%
3 USA Payne Stewart 0 2 0 1
32%
2 USA Curtis Strange 0 2 0 0
31%
3 USA Hale Irwin 0 3 0 0
31%
2 USA Ben Crenshaw 2 0 0 0
30%
2 USA Johnny Miller 0 1 1 0
30%
5 Australia Peter Thomson 0 0 5 0
30%
2 England Tony Jacklin 0 1 1 0
30%
2 USA Horton Smith 2 0 0 0
29%
2 Scotland Alex Smith 0 2 0 0
28%
7 Jersey Harry Vardon 0 1 6 0
27%
3 USA Billy Casper 1 2 0 0
24%
4 South Africa Bobby Locke 0 0 4 0
23%
2 USA Fuzzy Zoeller 1 1 0 0
23%
2 USA Andy North 0 2 0 0
20%
3 USA Jimmy Demaret 3 0 0 0
17%
2 USA Lee Janzen 0 2 0 0
17%
3 USA Cary Middlecoff 1 2 0 0
16%
3 USA Tommy Armour 0 1 1 1
16%
2 Australia David Graham 0 1 0 1
15%
3 USA Julius Boros 0 2 0 1
15%
3 England Henry Cotton 0 0 3 0
14%
2 USA Hubert Green 0 1 0 1
14%
5 England John Henry Taylor 0 0 5 0
14%
3 Scotland James Anderson 0 0 3 0
12%
5 Scotland James Braid 0 0 5 0
12%
2 Jersey Ted Ray 0 1 1 0
12%
4 Scotland Willie Anderson 0 4 0 0
12%
2 USA Jack Burke, Jr. 1 0 0 1
11%
2 USA Dave Stockton 0 0 0 2
10%
2 USA Doug Ford 1 0 0 1
10%
2 Scotland Willie Park, Jr. 0 0 2 0
10%
4 Scotland Willie Park Sr. 0 0 4 0
10%
3 Scotland Bob Ferguson 0 0 3 0
7%
2 Scotland Bob Martin 0 0 2 0
6%
4 England Jim Barnes 0 1 1 2
5%
2 USA John McDermott 0 2 0 0
5%
2 USA Olin Dutra 0 1 0 1
5%
3 USA Ralph Guldahl 1 2 0 0
5%
2 England Harold Hilton 0 0 2 0
3%
2 USA Jack Hutchinson 0 0 1 1
3%
2 USA Leo Diegel 0 0 0 2
3%
2 USA Paul Runyan 0 0 0 2
3%
3 USA Denny Shute 0 0 1 2
2%
No matching quizzes found
Score Distribution
Percent of People with Each Score
Percentile by Number Answered
Your Score History
You have not taken this quiz since the last reset